000 00845cam a2200205 i 4500
001 1744105
005 20180214035449.0
008 751006s1975 nyua bc 001 0 eng
010 _a 75018919
040 _aDLC
_cDLC
_dDLC
041 _aeng
080 _a759.94
082 0 0 _a759.94 RICH
100 _a44
101 _aART
245 0 0 _aMaster paintings from the Hermitage and the State Russian Museum, Leningrad :
_c[edited by John Richardson and Eric Zafran].
504 _aBibliography: p. 18.
906 _a7
_bcbc
_corignew
_d2
_eocip
_f19
_gy-gencatlg
942 _2ddc
_cBK
999 _c42466
_d42466